MARC details
| 000 -CABECERA |
| campo de control de longitud fija |
00978cam a2200277 a 4500 |
| 001 - NÚMERO DE CONTROL |
| campo de control |
000011785 |
| 005 - FECHA Y HORA DE LA ÚLTIMA TRANSACCIÓN |
| campo de control |
20200929162550.0 |
| 008 - DATOS DE LONGITUD FIJA--INFORMACIÓN GENERAL |
| campo de control de longitud fija |
850417s1986 cu b 001 0 spa |
| 040 ## - FUENTE DE LA CATALOGACIÓN |
| Centro catalogador/agencia de origen |
DO-SdBNP |
| Lengua de catalogación |
spa |
| Centro/agencia transcriptor |
DLC |
| Centro/agencia modificador |
BNPHU |
| 082 ## - NÚMERO DE LA CLASIFICACIÓN DECIMAL DEWEY |
| Número de clasificación |
410 |
| Número de documento/Ítem |
F475d |
| 049 ## - FONDOS LOCALES (OCLC) |
| Fondos de biblioteca |
BNGR |
| 100 1# - ENTRADA PRINCIPAL--NOMBRE DE PERSONA |
| Nombre de persona |
Figueroa Esteva, Max, |
| Fechas asociadas al nombre |
1942- |
| 9 (RLIN) |
27880 |
| 245 13 - MENCIÓN DE TÍTULO |
| Título |
La dimensión lingüística del hombre : |
| Resto del título |
problemas de historia y actualidad / |
| Mención de responsabilidad, etc. |
Max Figueroa Esteva ; edición Angel L. Fernández Guerra. |
| 260 ## - PUBLICACIÓN, DISTRIBUCIÓN, ETC. |
| Lugar de publicación, distribución, etc. |
La Habana, Cuba : |
| Nombre del editor, distribuidor, etc. |
Editorial Ciencias Sociales, |
| Fecha de publicación, distribución, etc. |
1986. |
| 300 ## - DESCRIPCIÓN FÍSICA |
| Extensión |
261 p. ; |
| Dimensiones |
18 cm. |
| 490 1# - MENCIÓN DE SERIE |
| Mención de serie |
Lingüística |
| 586 ## - NOTA DE PREMIOS |
| Nota de premios |
Premio de la crítica 1988 |
| 504 ## - NOTA DE BIBLIOGRAFÍA, ETC. |
| Nota de bibliografía, etc. |
Incluye referencias bibliográficas |
| 504 ## - NOTA DE BIBLIOGRAFÍA, ETC. |
| Nota de bibliografía, etc. |
Incluye índice |
| 650 #4 - PUNTO DE ACCESO ADICIONAL DE MATERIA--TÉRMINO DE MATERIA |
| Término de materia o nombre geográfico como elemento de entrada |
Analogía lingüistica |
| 9 (RLIN) |
27881 |
| 650 #4 - PUNTO DE ACCESO ADICIONAL DE MATERIA--TÉRMINO DE MATERIA |
| Término de materia o nombre geográfico como elemento de entrada |
Lenguaje y lenguas |
| 9 (RLIN) |
407 |
| 650 #4 - PUNTO DE ACCESO ADICIONAL DE MATERIA--TÉRMINO DE MATERIA |
| Término de materia o nombre geográfico como elemento de entrada |
Lenguaje |
| Subdivisión general |
Historia |
| 9 (RLIN) |
27882 |
| 700 1# - PUNTO DE ACCESO ADICIONAL--NOMBRE DE PERSONA |
| Nombre de persona |
Fernández Guerra, Angel L., |
| Término indicativo de función/relación |
ed. |
| 9 (RLIN) |
27883 |
| 830 #0 - PUNTO DE ACCESO ADICIONAL DE SERIE-TÍTULO UNIFORME |
| Título uniforme |
Lingüística |
| 9 (RLIN) |
16423 |
| 910 ## - DATOS DE OPCIÓN DEL USUARIO (OCLC) |
| Datos de opción del usuario |
Catalogación derivada |